000 01370naa a22003377a 4500
001 BR8303385
003 BR-BrBNA
005 20250721143228.0
007 ta
008 250630b bl.|||m| |||| 00| 0 por d
040 _aBR-BrBNA
_bpor
_cBiblioteca Nacional de Agricultura
041 _a(Pt)
072 _aF25
_b0230
_b3810
_b3820
_b3830
_b3862
090 _aF25 BR8303385
100 1 _aSilva, G.M. de A.
245 1 _aInfluencia da adubacao na qualidade da cana-de-acucar [Saccharum officinarum, nitrogenio, fosforo, potassio, residuo industrial, produtividade]
500 _aNutricao e adubacao da cana-de-acucar no Brasil Orlando Filho, J. (ed.) Piracicaba, SP (Brasil): 1983. p. 317-332 [15 tables; 45 ref.] (BR8303385-AMS)
773 0 _tNutricao e adubacao da cana-de-acucar no Brasil
_aOrlando Filho, J. (ed.). Programa Nacional de Melhoramento da Cana-de-Acucar, Piracicaba, SP (Brasil)
_wF25 BR8303385
_gPiracicaba, SP (Brasil), 1983. p. 317-332
650 _aCANA DE ACUCAR
650 _aFERTILIZANTE NITROGENADO
650 _aFERTILIZANTE POTASSICO
650 _aFERTILIZANTE FOSFATADO
650 _aRESIDUO INDUSTRIAL
650 _aADUBACAO
650 _aINDUSTRIA AGRICOLA
650 _aSACAROSE
650 _aRENDIMENTO
490 _aColecao PLANALSUCAR (Brazil)
_vno. 2
942 _cAMS
_2AGRIS
909 _a202506
_bLúcia
_c55
_dLúcia Elande
999 _c334536
_d334536